Matemáticas aplicadas a la administración y a la economía
| Main Author: | |
|---|---|
| Format: | Section = Libro |
| Language: | Undetermined Spanish |
| Published: |
Nicaragua
[s.e.]
2014
|
| Edition: | 2a ed. |
| Subjects: |
| LEADER | 00612nam a2200217Ia 4500 | ||
|---|---|---|---|
| 008 | 240830s9999 xx 000 0 und d | ||
| 040 | |a B-ESTELÍ- RUACS / 519 A796 | ||
| 041 | |a spa | ||
| 082 | |a 519 A796 | ||
| 100 | 1 | |a Martínez, Felipe | |
| 245 | 1 | 0 | |a Matemáticas aplicadas a la administración y a la economía |
| 250 | |a 2a ed. | ||
| 260 | |a Nicaragua |b [s.e.] |c 2014 | ||
| 300 | |a 25 p.: il. | ||
| 650 | 7 | |a APROVECHAMIENTO DE RESIDUOS ORGANICOS | |
| 650 | 7 | |b BIOGAS - PRODUCCION - NICARAGUA | |
| 650 | 7 | |c ABONOS ORGANICOS | |
| 650 | 7 | |d BIODIGESTORES. | |
| 942 | |c BK |2 ddc | ||
| 991 | |a TEXTO | ||
| 999 | |c 10965 | ||